Missing Word: Nintendo 64 Games A-Z II Quiz Stats

 Plays Quiz Updated Mar 20, 2018

Challenge
Share
Tweet
Embed
Score 0/26 Timer 03:00
1 Play Today
Hint Missing Word % Correct
Hey _____, Pikachu!You
81.5%
_____ InvadersSpace
81.1%
Indiana _____ and the Infernal MachineJones
75.8%
_____ PartyMario
74.5%
Duke Nukem: _____ HourZero
73.2%
_____ Wheels Turbo RacingHot
69.5%
The Legend of Zelda: _____ of TimeOcarina
68.7%
Conker's Bad Fur _____Day
68.5%
_____: Road to World Cup 98FIFA
67.7%
Star Wars: Shadows of the _____Empire
62.7%
F-Zero _____X
59.7%
_____ Men: Sarge's HeroesArmy
56.5%
NFL _____ Club '98Quarterback
54.4%
Hint Missing Word % Correct
Diddy Kong _____Racing
50.6%
_____ DarkPerfect
42.5%
Jet Force _____Gemini
37.3%
Cruis'n _____USA
34.5%
_____: Dinosaur HunterTurok
33.9%
Killer _____ GoldInstinct
30.9%
_____ 64: The Crystal ShardsKirby
30%
_____ Race 64Wave
28.7%
Buck _____Bumble
23.8%
_____ 8: 2nd OffenseVigilante
21.4%
Mystical _____ Starring GoemonNinja
18.6%
Blast _____Corps
17.6%
Castlevania: _____ of DarknessLegacy
12.3%

Today's Daily Dose

You're not logged in!

Compare scores with friends on all Sporcle quizzes.
Join for Free
OR
Log In

You Might Also Like...

Show Comments

Extras

Top Quizzes Today


Score Distribution

Your Account Isn't Verified!

In order to create a playlist on Sporcle, you need to verify the email address you used during registration. Go to your Sporcle Settings to finish the process.

Report this User

Report this user for behavior that violates our Community Guidelines.

Details: